Studies in gree k history. A companion volume to a history of Greece to 322 B.C. /

Guardado en:
Autor Principal: Hammond, Nicholas G.L.
Formato: Libro
Idioma:English
Publicado: London : Oxford university press, 1973.
Etiquetas: Agregar Etiqueta
Sin Etiquetas, Sea el primero en etiquetar este registro!
LEADER 00508nam a22001455a 4500
001 EUN.um054994
003 AR-BaUNS
005 20050623122920.0
008 041125s1973####xx#a##########000#0#eng#d
245 1 0 |a Studies in gree k history. A companion volume to a history of Greece to 322 B.C. /  |c Nicholas G.L. Hammond. 
260 |a London :  |b Oxford university press,  |c 1973. 
300 |a 574 p. :  |b ilus. ;  |c 22 cm. 
100 1 |a Hammond, Nicholas G.L. 
082 0 4 |a 938 
859 |a Ar-BaUNS  |b BIB. CENTRAL - Sector C  |h 938  |i H185  |p 85364/980